O rapaz da bicicleta azul (Registo nº 4674)

Detalhes MARC
000 -Etiqueta do registo
Cabeçalho 00832nam0a2200277 4500
003 - Persistent Record Identifier
control field http://id.bnportugal.gov.pt/bib/porbase/1318079
005 - Identificador da versão
Campo de controlo 20240821225526.0
010 ## - Número internacional normalizado dos livros (ISBN)
Número (ISBN) 9726108152
021 ## - Número do Depósito Legal
Código do país PT
Número 209737/04
100 ## - Dados gerais de processamento
Dados gerais de processamento 20190318d2004 a y0pory5003 ba
101 0# - Língua de publicação
Língua do texto, banda sonora, etc. Português
102 ## - Pais de publicação ou produção
País de publicação Portugal
200 1# - Titulo e menção de responsabilidade
Título próprio O rapaz da bicicleta azul
Primeira menção de responsabilidade Álvaro Magalhães
Outras menções de responsabilidade il. António Modesto
205 ## - Menção da edição
Menção da edição 1ª ed
210 ## - Publicação, Distribuição, etc. 
Lugar da edição, distribuição, etc. Porto
Nome do editor, distribuidor, etc. Campo das Letras
Data da publicação, distribuição, etc. 2004
215 ## - Descrição física 
Indicação específica da natureza do documento e extensão da espécie 29, [3] p.
Outras indicações físicas il. color
225 1# - Colecção 
Título próprio da colecção O sol e a lua
Indicação de volume 28
606 ## - Nome comum usado como assunto
Número de registo de entrada de autoridade 0001335
Palavra de ordem Literatura portuguesa
Subdivisão de assunto Conto
Código do sistema CA
Número de registo de entrada de autoridade 0002092
Palavra de ordem História
Subdivisão geográfica Portugal
Subdivisão cronológica 1974
Código do sistema CA
675 ## - Classificação Decimal Universal (CDU)
Notação 821.134.3-34
Edição 3ª ed.
Língua da edição por
700 #1 - Nome de autor-pessoa física (responsabilidade principal)
Número de registo de entrada de autoridade 0000182
Palavra de ordem Magalhães
Outra parte do nome não tomada para palavra de ordem Álvaro
Datas 1951-
702 #1 - Nome de autor-pessoa física (responsabilidade secundária)
Número de registo de entrada de autoridade 0000037
Palavra de ordem Modesto
Outra parte do nome não tomada para palavra de ordem António
Datas 1957-
Código de função Ilustrador / Técnico de desenho computorizado
942 ## - Elementos de entrada adicionados (Koha)
Tipo de item no Koha Livro
966 ## - Identificação da Biblioteca
Sigla EBVEN
Exemplares
Situação do levantamento Origin of item (home branch) (coded) Biblioteca de empréstimo Código de barras Cota Circulation type (not for loan) Tipo de documento Nota do exemplar Damaged status
  Biblioteca Escolar das Vendas Biblioteca Escolar das Vendas BEV1027 8POR MAG   Livro Sem mensagem